000 00263nam a22001217a 4500
008 170601b xxu||||| |||| 00| 0 eng d
041 _aeng
080 _a94
100 _a17
101 _aSHH
245 _aWHAT MILTARY HISTORY
_cPAVKOVIC.M.F
942 _2udc
_cBK
999 _c15487
_d15487